00790nam a22002297a 450000500170000001000130001702000220003003500130005203700160006504000120008108200160009310000180010924501160012726000400024327000630028330000200034649000650036650000500043165000390048165000220052070000180054220170124105929.0 aA-709677 a8170223393c00.00 aA-709677 bCen Lib/Ret aDPLbEN a305.56bAGR aAgrawal S. P. aEducational and social uplift of bakward classes :cby S.P. Agrawal [and] J.C. Agrawalbat what cost and how? / aNew DelhibConcept Publishingc1991 aA/15-16, Commercial Block, Mohan GardenbNew Delhie110059 a288p.c22cm(Hb) aConcepts in communication information and librarianship ; 26 aIncludes bibliographical references and index aHistorical survey-Backward classes aGovernment policy aAgrawal, J.C.